000 00532nam a2200181 i 4500
001 51643
003 ES-MaACL
005 20230906162411.0
007 t|
008 030814s1960 sp ||||1| spa d
100 1 _aHurlbut, Dana.
_964769
245 1 0 _aManual de mineralogía /
_cDana Hurlbut ; versión por José Luis Amorés.
250 _a2ª ed.
260 _aBarcelona :
_bRiverté,
_c1960 (
_fCondal)
300 _a600 p. :
_bil. ;
_c22 cm.
700 1 _aAmorés, José Luis.
_921302
852 _aES-MaACL
_jC-19917
_bR.47650
999 _c51643
_d51643